Studies in Muslim law / (Record no. 68076)

MARC details
000 -LEADER
fixed length control field 00675cam a22002411 4500
001 - CONTROL NUMBER
control field sa 66001933
003 - CONTROL NUMBER IDENTIFIER
control field DLC
005 - DATE AND TIME OF LATEST TRANSACTION
control field 20260227112225.0
008 - FIXED-LENGTH DATA ELEMENTS--GENERAL INFORMATION
fixed length control field 900227m19559999pk 000 0 eng
010 ## - LIBRARY OF CONGRESS CONTROL NUMBER
LC control number sa 66001933
035 ## - SYSTEM CONTROL NUMBER
System control number (OCoLC)21128731
040 ## - CATALOGING SOURCE
Original cataloging agency DLC
Transcribing agency ViU
Modifying agency OCoLC
-- DLC
042 ## - AUTHENTICATION CODE
Authentication code premarc
050 00 - LIBRARY OF CONGRESS CALL NUMBER
Classification number KPL543
Item number .S53 1955
100 1# - MAIN ENTRY--PERSONAL NAME
Personal name Siddiqui, N. U. A.
245 10 - TITLE STATEMENT
Title Studies in Muslim law /
Statement of responsibility, etc. by N.U.A. Siddiqui.
250 ## - EDITION STATEMENT
Edition statement 1st ed.
260 ## - PUBLICATION, DISTRIBUTION, ETC.
Place of publication, distribution, etc. Dacca :
Name of publisher, distributor, etc. Iqbal Uddin Ahmad,
Date of publication, distribution, etc. 1955-
300 ## - PHYSICAL DESCRIPTION
Extent v. ;
Dimensions 22 cm.
505 1# - FORMATTED CONTENTS NOTE
Formatted contents note v. 1. Batil and Fasid marriages.
504 ## - BIBLIOGRAPHY, ETC. NOTE
Bibliography, etc. note Includes bibliographical references.
650 #0 - SUBJECT ADDED ENTRY--TOPICAL TERM
Topical term or geographic name entry element Marriage (Islamic law)

No items available.

Powered by Koha